[Event "Attica-ch U08/20"]
[Site "Athens"]
[Date "2009.12.27"]
[Round "3"]
[White "Kolivas, Aristidis"]
[Black "Kouskoutis, Georgios Alexandros"]
[Result "0-1"]
[WhiteElo "1010"]
[BlackElo "1650"]
[PlyCount "54"]
[EventDate "2009.12.23"]
[EventType "swiss"]
[EventRounds "7"]
[EventCountry "GRE"]
[SourceTitle "EXT 2011"]
[Source "ChessBase"]
[SourceDate "2010.11.26"]
[SourceVersion "1"]
[SourceVersionDate "2010.11.26"]
[SourceQuality "1"]

1. e4 e5 2. Nf3 Nc6 3. Nc3 Nf6 4. Bb5 a6 5. Bxc6 bxc6 6. Nxe5 Qe7 7. d4 Bb7 8. 0-0 c5 9. Bf4 cxd4 10. Qxd4 d6 11. Nc4 Nd7 12. Rfe1 f6 13. Nd5 Qd8 14. Nxc7+ Qxc7 15. Bxd6 Bxd6 16. Nxd6+ Ke7 17. Rad1 Rad8 18. e5 fxe5 19. Rxe5+ Nxe5 20. Qxe5+ Kf8 21. Qf5+ Kg8 22. Qe5 Qd7 23. c4 h6 24. c5 Kh7 25. g4 Qxg4+ 26. Kf1 Qxd1+ 27. Qe1 Bg2+ 0-1